| 000 | 00529nam a22001817a 4500 | ||
|---|---|---|---|
| 999 |
_c193415 _d193415 |
||
| 005 | 20221028120928.0 | ||
| 010 | _aENG-135567 | ||
| 020 |
_a9788190570404 _c400.00 |
||
| 035 | _aEN-119099 | ||
| 037 | _bDBAD/PUB | ||
| 082 | _a634.5 | ||
| 100 | _aSethi, Nitin | ||
| 245 |
_aCure by vegetables & fruits / _cby Nitin Sethi |
||
| 260 |
_aUtter Predesh _bSaraswati Book Company _c2016 |
||
| 270 |
_aE-108, Sector-22 Noida _bUtter Predesh |
||
| 300 |
_a172p. _c22cm(pbk) _bIndex |
||
| 942 |
_2ddc _cEN _mSET _h634.5 |
||